Santander / (Record no. 144004)

MARC details
000 -LEADER
campo de control de longitud fija 00632nam a2200193 4500
001 - NÚMERO DE CONTROL
campo de control 144004
003 - IDENTIFICADOR DE NÚMERO DE CONTROL
campo de control ES-MaACL
005 - FECHA Y HORA DE LA ÚLTIMA TRANSACCIÓN
campo de control 20230906200925.0
007 - CAMPO FIJO DE DESCRIPCIÓN FÍSICA--INFORMACIÓN GENERAL
campo de control de longitud fija t|
008 - DATOS DE LONGITUD FIJA--INFORMACIÓN GENERAL
campo de control de longitud fija 070214s1970 sp r ||||1| spa d
100 1# - ENTRADA PRINCIPAL--NOMBRE DE PERSONA
Nombre de persona Simón Cabarga, José.
9 (RLIN) 106542
245 10 - MENCIÓN DEL TÍTULO
Título Santander /
Mención de responsabilidad, etc. textos: José Simón Cabarga ; composición: C. Vallejo Aller ; fotografias: Zubillaga... [et al.].
250 ## - MENCION DE EDICION
Mención de edición 3ª ed.
260 ## - PUBLICACIÓN, DISTRIBUCIÓN, ETC.
Lugar de publicación, distribución, etc. León :
Nombre del editor, distribuidor, etc. Everest,
Fecha de publicación, distribución, etc. 1970.
300 ## - DESCRIPCIÓN FÍSICA
Extensión 204 p., 49 lám. ;
Dimensiones 19 cm +
Material acompañante/anejo 2 map.
700 1# - ENTRADA AGREGADA--NOMBRE PERSONAL
Nombre de persona Vallejo Aller, Cecilio.
9 (RLIN) 112846
700 1# - ENTRADA AGREGADA--NOMBRE PERSONAL
Nombre de persona Zubillaga (
Forma completa/desarrollada del nombre Francisco)
9 (RLIN) 118403
852 ## - LOCALIZACIÓN
Ubicación ES-MaACL
Número de control de estantería C-49598
Sublocalización o colección R.76630
Holdings
Estatus retirado Estado de pérdida Estado de daño No para préstamo Biblioteca de origen Biblioteca actual Ubicación en estantería Fecha de adquisición Fuente de adquisición Total de préstamos Signatura topográfica completa Código de barras Visto por última vez Precio de reemplazo Tipo de ítem Koha
        Biblioteca del Ateneo de Madrid Biblioteca del Ateneo de Madrid Depósito 2 17/01/2008     C-49598 1149827 23/02/2023 23/02/2023 Libro impreso